000 01662cam a22002178i 4500
999 _c38213
_d38213
020 _a9781032056029
041 _aeng
082 0 0 _a330.9598
_bDIG-
245 0 0 _aDigitalization and economic development :
_binsights from developing countries /
_cedited by Mohamed Sami Ben Ali.
250 _a1 Edition.
260 _aNew York :
_bRoutledge,
_c2022.
300 _a160p.
504 _aInclude bibliographical references and index.
520 _a"This book analyses the impact of Information and Communication Technologies (ICTs) on economic development. It contains theoretical and empirical studies, including panel studies on various issues facing developing countries, such as education, corruption, economic growth, government expenditure, financial inclusion, foreign direct investment, infrastructure, economic and social welfare, and inequality. Each chapter offers a well-conceived analysis of the most recent trends in both theory and empirics and addresses numerous policy implications related to the different aspects dealt with in the volume. Overall, this book will be an excellent guide for global graduate students at the Master and PhD levels, as well as academics researching various issues related to economic development while analyzing the role of ICTs. It also addresses numerous policy implications related to economic development for policymakers, investors and stakeholders"--
546 _aEnglish.
650 0 _aEconomic development
_xTechnological innovations.
650 0 _aInformation technology
_xManagement.
650 0 _aTelecommunication
_xEconomic aspects.
700 1 _aBen Ali, Mohamed Sami
_eeditor.
942 _2ddc
_cBK